Curso de historia universal / (Record no. 29426)

MARC details
000 -LEADER
campo de control de longitud fija 00660nam a2200193 i 4500
001 - NÚMERO DE CONTROL
campo de control 29426
003 - IDENTIFICADOR DE NÚMERO DE CONTROL
campo de control ES-MaACL
005 - FECHA Y HORA DE LA ÚLTIMA TRANSACCIÓN
campo de control 20250815062559.0
007 - CAMPO FIJO DE DESCRIPCIÓN FÍSICA--INFORMACIÓN GENERAL
campo de control de longitud fija t|
008 - DATOS DE LONGITUD FIJA--INFORMACIÓN GENERAL
campo de control de longitud fija 030121m19411942sp ||||1| spa d
100 1# - ENTRADA PRINCIPAL--NOMBRE DE PERSONA
Nombre de persona Ballesteros Beretta, Antonio,
Fechas asociadas al nombre 1880-1949
9 (RLIN) 25050
245 10 - MENCIÓN DEL TÍTULO
Título Curso de historia universal /
Mención de responsabilidad, etc. por Antonio Ballesteros Beretta y Manuel Ballesteros Gaibrois.
260 ## - PUBLICACIÓN, DISTRIBUCIÓN, ETC.
Lugar de publicación, distribución, etc. Madrid :
Nombre del editor, distribuidor, etc. Edics. Históricas,
Fecha de publicación, distribución, etc. 1941-1942 (
Fabricante Talls. Gráfs. Yagüe)
300 ## - DESCRIPCIÓN FÍSICA
Extensión 490 p. ;
Dimensiones 26 cm.
650 #7 - PUNTO DE ACCESO ADICIONAL DE MATERIA--TÉRMINO DE MATERIA
Término de materia o nombre geográfico como elemento de entrada Historia universal
Fuente del encabezamiento o término embne
9 (RLIN) 13429
700 1# - ENTRADA AGREGADA--NOMBRE PERSONAL
Nombre de persona Ballesteros Gaibrois, Manuel,
Fechas asociadas al nombre 1911-2002
9 (RLIN) 25056
852 ## - LOCALIZACIÓN
Ubicación ES-MaACL
Número de control de estantería F-15755
Holdings
Estatus retirado Estado de pérdida Estado de daño No para préstamo Biblioteca de origen Biblioteca actual Ubicación en estantería Fecha de adquisición Fuente de adquisición Total de préstamos Signatura topográfica completa Código de barras Visto por última vez Precio de reemplazo Tipo de ítem Koha
        Biblioteca del Ateneo de Madrid Biblioteca del Ateneo de Madrid Sala Pecera Planta 2 17/01/2008     F-15755 1030379 23/02/2023 23/02/2023 Libro impreso